| 000 | 00789cam a22002653a 4500 | ||
|---|---|---|---|
| 001 | 12139 | ||
| 003 | PGUSA | ||
| 005 | 20140828083245.0 | ||
| 008 | 040401s2004||||xxu|||||s|||||000 1 eng d | ||
| 040 |
_aPGUSA _beng |
||
| 042 | _adc | ||
| 050 | 4 | _aPS | |
| 100 | 1 |
_aBower, B. M., _d1874-1940 |
|
| 245 | 1 | 4 |
_aThe Gringos : _bA Story Of The Old California Days In 1849 _h[electronic resource] / _cB. M. Bower |
| 260 |
_bProject Gutenberg, _c2004 |
||
| 506 | _aPublic domain in the USA. | ||
| 516 | _aElectronic text | ||
| 653 | _aGold mines and mining -- Fiction | ||
| 653 | _aCalifornia -- Fiction | ||
| 653 | _aWestern stories | ||
| 700 | 1 |
_aFischer, Anton Otto, _d1882-1962 |
|
| 830 | 0 |
_aProject Gutenberg _v12139 |
|
| 856 | 4 | 0 | _uhttp://www.gutenberg.org/ebooks/12139 |
| 942 | _cEB | ||
| 999 |
_c241394 _d241394 |
||